Govt. of
Madhya Pradesh

Chekhov (Record no. 31628)

MARC details
000 -LEADER
fixed length control field 004260000a22001810004500
003 - CONTROL NUMBER IDENTIFIER
control field MACL
005 - DATE AND TIME OF LATEST TRANSACTION
control field 20160130153237.0
008 - FIXED-LENGTH DATA ELEMENTS--GENERAL INFORMATION
fixed length control field 160130b xxu||||| |||| 00| 0 eng d
040 ## - CATALOGING SOURCE
Original cataloging agency MACL
Transcribing agency MACL
041 ## - LANGUAGE CODE
Language code of text/sound track or separate title English
082 ## - DEWEY DECIMAL CLASSIFICATION NUMBER
Classification number 823/GOT
100 ## - MAIN ENTRY--PERSONAL NAME
Personal name Gottlieb, Vera
9 (RLIN) 36238
245 ## - TITLE STATEMENT
Title Chekhov
260 ## - PUBLICATION, DISTRIBUTION, ETC. (IMPRINT)
Name of publisher, distributor, etc. Cambridge University
Date of publication, distribution, etc. 2000
Place of publication, distribution, etc. New York
350 ## - PRICE (NR) (BK AM CF MU VM SE) [OBSOLETE]
Price 595
650 ## - SUBJECT ADDED ENTRY--TOPICAL TERM
Topical term or geographic name as entry element Drama
9 (RLIN) 36239
942 ## - ADDED ENTRY ELEMENTS (KOHA)
Koha item type Books
Call number prefix 822/Got
Source of classification or shelving scheme
Holdings
Withdrawn status Lost status Source of classification or shelving scheme Damaged status Not for loan Home library Current library Date acquired Cost, normal purchase price Total Checkouts Full call number Barcode Date last seen Uniform Resource Identifier Price effective from Koha item type
          MACL MACL 15/04/2015 595.00   822/Got CLC001751 29/04/2015 31682 15/04/2015 Books